Statistics for Countries Closest to San Marino - 30 Second Sprint

Click here to take the quiz!

General Stats

  • This quiz has been taken 35 times
  • The average score is 10 of 20

Answer Stats

kmcountrymiles% Correct
0Italy0
100%
221Vatican City137
90%
310Switzerland193
83%
291Austria181
77%
141Croatia87
73%
259France161
73%
186Slovenia115
70%
388Germany241
60%
271Bosnia and
Herzegovina
169
50%
457Monaco284
50%
409Liechtenstein254
47%
524Serbia326
47%
587Albania365
43%
571Slovakia355
27%
495Montenegro308
23%
526Czechia327
17%
421Hungary262
17%
622Kosovo386
10%
653Romania406
7%
695North Macedonia432
3%

Score Distribution

Percentile by Number Answered

Percent of People with Each Score

Your Score History

You have not taken this quiz